On This Day (May 21st) Multiple Choice - Statistics

General Stats
  • This quiz has been taken 6 times
  • The average score is 5 of 15
Answer Stats
Question Answer % Correct
1936 – Sada Abe is arrested after wandering the streets of Tokyo for days with her dead lover's what in her handbag ? Genitals
100%
1904 – The Fédération Internationale de Football Association (FIFA) is founded in which city ?. Paris
100%
1960 – Jeffrey Dahmer, American serial killer, is born. By what name was he known ? Milwaukee Cannibal
67%
2005 – The tallest roller coaster in the world, Kingda Ka opens at which amusement park ? Six Flags Great Adventure, NJ, USA
67%
1674 – The nobility elect John Sobieski, King of Poland and Grand Duke of where ? Lithuania
33%
1991 – Former Indian Prime Minister Rajiv Gandhi is assassinated by a female suicide bomber near which city ? Madras (Chennai)
33%
1894 – Which canal is officially opened by Queen Victoria ? Manchester Ship Canal
33%
1937 – A Soviet station, becomes the first scientific research settlement to operate where ? On the drift ice of the Arctic Ocean
33%
1758 – Ten-year-old Mary Campbell is abducted in Pennsylvania by Lenape during the French and Indian War. She is returned when ? Six and a half years later
33%
1972 – Michelangelo's "Pietà" in St. Peter's Basilica in Vatican City is damaged by what ? Vandalism
33%
1992 – Johnny Carson hosted his penultimate episode and last featuring guests of The Tonight Show. Robin Williams and which other celebrity were guests ? Bette Midler
0%
1851 – Slavery is abolished in which country ? Colombia
0%
1934 – Oskaloosa, Iowa, becomes the first municipality in the United States to do what ? Fingerprint all its Citizens
0%
1996 – The ferry "MV Bukoba" sinks on which lake, killing nearly 1,000 ? Lake Victoria
0%
1871 – The opening on Mount Rigi in Switzerland of the first what in Europe ? Rack Railway
0%
No matching quizzes found
Score Distribution
Percent of People with Each Score
Percentile by Number Answered
Your Score History
You have not taken this quiz